Riconosci il Pokémon - Quiz n°32 - Statistics

Statistiche generali
  • Questo quiz è stato fatto 14 volte
  • Il punteggio medio è 9 su 10
Statistiche sulle risposte
Indizio Risposta % Corretto
Generazione Quarta
100%
Altezza 0,4 m
83%
Tasso di cattura 45 (11.9%)
83%
Sesso 87.5% ♂, 12.5% ♀
83%
Tipo Acqua
83%
Abilità Acquaiuto; Agonismo; Tenacia
83%
Peso 5,2 kg
83%
Stadio evoluzione Forma Base
83%
Tasso di allevamento Medio-Lento
83%
Pokémon Piplup
83%
Nessun quiz corrispondente trovato
Distribuzione punteggi
Percentuale di utenti per punteggio
Percentile per numero di risposta
I tuoi punteggi nel tempo
Non hai fatto questo quiz